[Event "XXVII RUS-chT Women 2020"]
[Site "Sochi"]
[Date "2020.11.22"]
[Round "4.18"]
[White "Pogorelskikh, Sofia"]
[Black "Vifleemskaia, Svetlana"]
[Result "1/2-1/2"]
[WhiteElo "2128"]
[BlackElo "1911"]
[Annotator "NA"]
[PlyCount "104"]
[EventDate "2020.11.19"]
[EventType "team-tourn"]
[EventCountry "RUS"]
[SourceTitle "playchess.com"]
[Source "ChessBase"]
[SourceQuality "1"]
[TimeControl "40/5400+30:1800+30"]

1. e4 {[%emt 0:00:00]} e5 {[%emt 0:00:00]} 2. Nf3 {[%emt 0:00:00]} Nc6 {[%emt 0:00:00]} 3. Bb5 {[%emt 0:00:00]} a6 {[%emt 0:00:07]} 4. Ba4 {[%emt 0:00:08]} Nf6 {[%emt 0:00:41]} 5. O-O {[%emt 0:00:26]} Be7 {[%emt 0:00:26]} 6. Re1 {[%emt 0:00:42]} b5 {[%emt 0:00:51]} 7. Bb3 {[%emt 0:00:10]} d6 {[%emt 0:01:19]} 8. c3 {[%emt 0:00:42]} O-O {[%emt 0:00:34]} 9. h3 {[%emt 0:00:25]} Nd7 {[%emt 0:00:58]} 10. d4 {[%emt 0:00:53]} Bf6 {[%emt 0:01:10]} 11. a4 {[%emt 0:01:42]} Bb7 {[%emt 0:01:02]} 12. Na3 {[%emt 0:06:19]} exd4 {[%emt 0:09:47]} 13. cxd4 {[%emt 0:00:30]} Re8 {[%emt 0:00:53]} 14. axb5 {[%emt 0:10:47]} axb5 {[%emt 0:01:00]} 15. Bf4 $14 {[%emt 0:08:23]} Na5 {[%emt 0:39:35]} 16. e5 {[%emt 0:27:14]} Nxb3 {[%emt 0:08:33]} 17. Qxb3 {[%emt 0:00:19]} dxe5 {[%emt 0:05:59]} 18. dxe5 {[%emt 0:05:32]} Nc5 {[%emt 0:04:12]} 19. Qc2 {[%emt 0:03:05]} Be7 {[%emt 0:04:07]} 20. Rad1 {[%emt 0:02:09]} Qc8 {[%emt 0:00:47]} 21. Nd4 {[%emt 0:03:17]} b4 {[%emt 0:02:46]} 22. Nc4 {[%emt 0:01:52]} Bf8 {[%emt 0:02:31]} 23. Ne3 {[%emt 0:07:32]} Be4 {[%emt 0:02:16]} 24. Qc4 {[%emt 0:03:17]} Qa6 {[%emt 0:00:52]} 25. Nb5 {[%emt 0:03:23]} Qb7 {[%emt 0:04:00]} 26. f3 {[%emt 0:01:28]} Bc6 {[%emt 0:03:20]} 27. Nd4 {[%emt 0:01:38]} Ba4 {[%emt 0:00:21]} 28. b3 {[%emt 0:01:31]} Bd7 {[%emt 0:00:08]} 29. Qc2 {[%emt 0:08:58]} Ra6 {[%emt 0:01:06]} 30. Ra1 {[%emt 0:00:35]} Rea8 {[%emt 0:00:24]} 31. Rxa6 {[%emt 0:00:35]} Rxa6 {[%emt 0:01:22]} 32. Nc4 {[%emt 0:00:47]} Ne6 {[%emt 0:01:19]} 33. Nxe6 {[%emt 0:00:42]} Bxe6 {[%emt 0:00:08]} 34. Rd1 {[%emt 0:00:39]} Be7 {[%emt 0:00:32]} 35. Qd3 {[%emt 0:00:41]} h6 {[%emt 0:00:28]} 36. Kh2 {[%emt 0:00:52]} Ra2 {[%emt 0:02:00]} 37. Ne3 {[%emt 0:00:43]} Qxf3 {[%emt 0:00:54]} 38. Bg3 {[%emt 0:00:32]} Qc6 {[%emt 0:01:34]} 39. Qb1 {[%emt 0:00:30]} Re2 {[%emt 0:00:41]} 40. Rc1 {[%emt 0:00:00]} Qb7 {[%emt 0:00:00]} 41. Qd3 {[%emt 0:00:45]} Rb2 {[%emt 0:02:28]} 42. Rb1 {[%emt 0:01:15]} Rxb1 {[%emt 0:04:30]} 43. Qxb1 {[%emt 0:00:05]} Bg5 {[%emt 0:05:19]} 44. Qd3 {[%emt 0:00:46]} Qc6 {[%emt 0:01:59]} 45. Nc2 {[%emt 0:03:34]} Qd5 {[%emt 0:01:58]} 46. Nxb4 {[%emt 0:04:18]} Qxd3 {[%emt 0:00:15]} 47. Nxd3 {[%emt 0:00:08]} Bxb3 {[%emt 0:00:02]} 48. e6 {[%emt 0:01:28]} Bxe6 {[%emt 0:00:57]} 49. Bxc7 {[%emt 0:00:12]} Be3 {[%emt 0:00:40]} 50. g4 {[%emt 0:00:47]} f6 {[%emt 0:00:18]} 51. Kg3 {[%emt 0:00:52]} Kf7 {[%emt 0:00:59]} 52. Nf4 {[%emt 0:02:29]} Bxf4+ {[%emt 0:05:00]} 1/2-1/2

[Event "XXVII RUS-chT Women 2020"]
[Site "Sochi"]
[Date "2020.11.22"]
[Round "4.19"]
[White "Zavivaeva, Emilia"]
[Black "Yurasova, Daria"]
[Result "1-0"]
[WhiteElo "1790"]
[BlackElo "2075"]
[Annotator "TA"]
[PlyCount "103"]
[EventDate "2020.11.19"]
[EventType "team-tourn"]
[EventCountry "RUS"]
[SourceTitle "playchess.com"]
[Source "ChessBase"]
[SourceQuality "1"]

{[%evp 22,103,11,4,10,0,0,0,143,145,144,144,178,158,208,206,290,246,244,240,245,232,256,218,214,215,195,177,295,297,333,331,420,407,445,487,442,463,450,484,507,501,502,485,464,425,696,682,634,570,683,647,983,880,1058,913,494,793,873,722,860,754,655,416,999,898,1166,1153,1571,1533,1207,1198,29971,29971,29968,29966,29977,29978,29978,29979,29978,29978,29979,29977]} 1. e4 e5 2. Nf3 Nc6 3. Nc3 Nf6 4. d4 exd4 5. Nxd4 Bb4 6. Nxc6 bxc6 7. Bd3 d5 8. exd5 cxd5 9. O-O O-O 10. Bg5 c6 11. Qf3 Be7 12. Rfe1 h6 {C47: Scotch Four Knights and Four Knights with 4 g3.} 13. Bxh6 gxh6 14. Qe3 {[%mdl 64] [#] Double Attack} Kg7 (14... d4 $11 15. Qxh6 Qd6) 15. Qxe7 $16 Qxe7 16. Rxe7 c5 {[#]} 17. b3 $146 ({Predecessor:} 17. Rae1 c4 18. Bf1 Rd8 19. b3 Bf5 20. bxc4 d4 21. Nb1 Bxc2 22. Nd2 a5 23. Rc1 d3 {½-½ (23) Kaufman,A-Evans,L Long Beach 1955}) 17... Be6 18. Nb5 Nd7 (18... Nh5 {keeps fighting.} 19. g3 (19. Nxa7 Nf4 $16) 19... a6) 19. Nc7 Kf6 20. Nxd5+ $1 {[%mdl 64] [#] Deflection} ({Less strong is} 20. Nxa8 Kxe7 21. Nc7 Ne5 $16) 20... Bxd5 21. Rxd7 Be6 22. Rc7 Rfc8 23. Rxc8 Rxc8 $18 {[%mdl 4096] Endgame KRB-KRB} 24. Re1 a5 (24... c4 {was worth a try.}) 25. Re4 Rg8 26. Rh4 Kg5 27. g3 f5 28. f4+ Kg6 29. Rg4+ Kf6 30. Rxg8 Bxg8 {KB-KB} 31. Bc4 Bh7 32. h3 Bg6 33. Kf2 Be8 (33... Bh5 $142 34. a3 Be8) 34. g4 Bd7 35. Kg3 Bc6 36. Bd3 fxg4 37. hxg4 Be8 38. Kf3 Bc6+ 39. Be4 (39. Kf2 $142 Bb7 40. Ke3) 39... Bb5 40. Bd5 Bd7 41. Kg3 Be8 42. Be4 Bf7 (42... Bb5 $142 43. c4 Bd7) 43. Kh4 c4 44. g5+ hxg5+ 45. fxg5+ Ke5 46. Bh7 Kd4 47. g6 {White mates.} Bd5 48. g7 cxb3 49. cxb3 Kc3 50. g8=Q Bxg8 51. Bxg8 Kb2 52. Kg4 {Black got outplayed after the opening.  Weighted Error Value: White=0.05/Black=0.60} 1-0

[Event "XXVII RUS-chT Women 2020"]
[Site "Sochi"]
[Date "2020.11.22"]
[Round "4.20"]
[White "Balaian, Alina"]
[Black "Zavivaeva, Evelina"]
[Result "1-0"]
[WhiteElo "2243"]
[BlackElo "1589"]
[Annotator "TA"]
[PlyCount "29"]
[EventDate "2020.11.19"]
[EventType "team-tourn"]
[EventCountry "RUS"]
[SourceTitle "playchess.com"]
[Source "ChessBase"]
[SourceQuality "1"]

{[%evp 16,29,34,0,92,114,243,123,224,239,341,354,358,360,886,840]} 1. e4 e5 2. Nf3 Nc6 3. Bc4 Bc5 4. O-O d6 5. c3 Nf6 6. d4 exd4 7. cxd4 Bb6 8. h3 O-O 9. Nc3 Re8 {C56: Two Knights: 4 d4 exd4 5 0-0 Nxe4.} (9... Nxe4 $1 $11 {remains equal.} 10. Nxe4 d5 {[%mdl 64] Double Attack}) 10. Re1 $16 Bd7 {[#]} (10... h6 $16 {was worth a try.}) 11. a3 $146 ({White has to play} 11. e5 $1 $18) ({Predecessor:} 11. Bg5 h6 12. Bh4 Qc8 13. Bxf6 gxf6 14. Nd5 Kg7 15. Qd2 Be6 16. Nxb6 axb6 17. d5 {1-0 (26) Korpalska,J (1446)-Skalik,R Polanica Zdroj 2009}) 11... Na5 {[#]} (11... h6 $16 {keeps fighting.} 12. b4 Rb8) 12. Ba2 $1 $18 c5 (12... h6 $142 13. Qd3 Qc8) 13. dxc5 dxc5 14. e5 Nh5 $2 (14... Bc6 15. exf6 Rxe1+ 16. Qxe1 Bxf3 17. gxf3 Qxf6) 15. Ng5 {Black did not feel at home in the position after the opening.  Weighted Error Value: White=0.21/Black=1.13} 1-0

[Event "XXVII RUS-chT Women 2020"]
[Site "Sochi"]
[Date "2020.11.22"]
[Round "4.21"]
[White "Grigorieva, Yulia"]
[Black "Elnikova, Milena"]
[Result "1-0"]
[WhiteElo "2343"]
[BlackElo "1435"]
[Annotator "NA"]
[PlyCount "73"]
[EventDate "2020.11.19"]
[EventType "team-tourn"]
[EventCountry "RUS"]
[SourceTitle "playchess.com"]
[Source "ChessBase"]
[SourceQuality "1"]
[TimeControl "40/5400+30:1800+30"]

1. d4 {[%emt 0:00:00]} f5 {[%emt 0:00:00]} 2. e4 {[%emt 0:00:00]} fxe4 {[%emt 0:00:00]} 3. Nc3 {[%emt 0:00:00]} Nf6 {[%emt 0:00:00]} 4. Bg5 {[%emt 0:00:00]} g6 {[%emt 0:00:34]} 5. Bc4 {[%emt 0:00:47]} Bg7 {[%emt 0:05:18]} 6. Nge2 {[%emt 0:02:39]} Nc6 {[%emt 0:09:46]} 7. O-O {[%emt 0:05:41]} d6 {[%emt 0:03:55]} 8. Nf4 {[%emt 0:08:40]} e5 {[%emt 0:11:30]} (8... d5 $16 9. Nfxd5 (9. Ncxd5 Na5 $14) 9... Nxd5 10. Bxd5 (10. Nxd5 Be6 $16) 10... Rf8) 9. Nfd5 {[%emt 0:10:05]} h6 {[%emt 0:07:36]} 10. Bxf6 {[%emt 0:05:46]} Bxf6 {[%emt 0:00:21]} 11. Nxe4 {[%emt 0:02:15]} Bg7 {[%emt 0:03:20]} 12. dxe5 {[%emt 0:01:07]} Nxe5 {[%emt 0:06:03]} 13. Bb3 {[%emt 0:07:14]} c6 {[%emt 0:12:27]} 14. f4 {[%emt 0:05:11]} Nf7 {[%emt 0:04:25]} 15. f5 {[%emt 0:09:33]} Bxf5 {[%emt 0:06:43]} 16. Ne3 {[%emt 0:00:28]} d5 {[%emt 0:01:54]} 17. Nxf5 $11 {[%emt 0:02:42]} gxf5 {[%emt 0:00:27]} 18. Ng3 {[%emt 0:05:03]} O-O {[%emt 0:02:50]} 19. Nxf5 {[%emt 0:00:20]} Ng5 {[%emt 0:04:32]} 20. Qg4 {[%emt 0:05:49]} Qf6 {[%emt 0:07:05]} 21. c4 {[%emt 0:05:16]} Rad8 {[%emt 0:02:29]} 22. cxd5 {[%emt 0:00:33]} cxd5 {[%emt 0:00:17]} 23. Rad1 {[%emt 0:00:43]} Nf7 {[%emt 0:04:54]} 24. Bxd5 {[%emt 0:01:58]} Kh8 {[%emt 0:01:34]} 25. Nxg7 {[%emt 0:07:36]} Qxg7 {[%emt 0:00:06]} 26. Qxg7+ {[%emt 0:01:51]} Kxg7 {[%emt 0:00:02]} 27. Bxb7 {[%emt 0:00:09]} Rfe8 {[%emt 0:02:34]} 28. Bd5 {[%emt 0:01:06]} Ne5 {[%emt 0:00:20]} 29. h3 {[%emt 0:00:54]} Re7 {[%emt 0:01:35]} 30. b4 {[%emt 0:01:54]} Red7 {[%emt 0:00:16]} 31. Bb3 {[%emt 0:00:28]} Nd3 {[%emt 0:00:27]} 32. a3 {[%emt 0:00:34]} Nb2 {[%emt 0:01:25]} 33. Rf7+ {[%emt 0:01:41]} Rxf7 {[%emt 0:00:15]} 34. Rxd8 {[%emt 0:00:04]} Rc7 {[%emt 0:00:41]} 35. Rd2 {[%emt 0:00:37]} Rc1+ {[%emt 0:00:16]} 36. Kh2 {[%emt 0:01:16]} Nc4 {[%emt 0:01:06]} 37. Rd7+ {[%emt 0:00:10]} 1-0

[Event "XXVII RUS-chT Women 2020"]
[Site "Sochi"]
[Date "2020.11.22"]
[Round "4.22"]
[White "Gubernatorova, Lyudmila"]
[Black "Baiburina, Kamilla"]
[Result "1-0"]
[WhiteElo "2200"]
[BlackElo "1805"]
[Annotator "NA"]
[PlyCount "83"]
[EventDate "2020.11.19"]
[EventType "team-tourn"]
[EventCountry "RUS"]
[SourceTitle "playchess.com"]
[Source "ChessBase"]
[SourceQuality "1"]
[TimeControl "40/5400+30:1800+30"]

1. d4 {[%emt 0:00:00]} e6 {[%emt 0:00:00]} 2. c4 {[%emt 0:00:00]} b6 {[%emt 0:00:00]} 3. Nc3 {[%emt 0:01:10]} Bb7 {[%emt 0:00:00]} 4. Nf3 {[%emt 0:03:26]} Nf6 {[%emt 0:00:12]} 5. e3 {[%emt 0:01:36]} Bb4 {[%emt 0:01:23]} 6. Bd2 {[%emt 0:00:07]} Bxc3 {[%emt 0:00:55]} 7. Bxc3 {[%emt 0:00:13]} Ne4 {[%emt 0:01:54]} 8. Rc1 {[%emt 0:03:55]} d6 {[%emt 0:02:31]} 9. Bd3 {[%emt 0:01:56]} Nd7 {[%emt 0:01:20]} 10. O-O {[%emt 0:02:26]} O-O {[%emt 0:02:16]} 11. Be1 {[%emt 0:03:11]} f5 {[%emt 0:02:34]} 12. Nd2 {[%emt 0:07:02]} Qg5 {[%emt 0:07:08]} 13. f4 {[%emt 0:01:17]} Qg6 {[%emt 0:04:43]} 14. Nxe4 {[%emt 0:04:07]} Bxe4 {[%emt 0:04:27]} 15. Bxe4 {[%emt 0:02:45]} fxe4 {[%emt 0:00:01]} 16. b4 {[%emt 0:00:39]} Rad8 {[%emt 0:04:43]} 17. Rc2 $14 {[%emt 0:06:33]} c5 {[%emt 0:11:45]} 18. dxc5 {[%emt 0:01:23]} dxc5 {[%emt 0:00:44]} 19. Rd2 {[%emt 0:00:54]} Qe8 {[%emt 0:00:31]} 20. Bh4 {[%emt 0:14:05]} Nf6 {[%emt 0:00:27]} 21. b5 {[%emt 0:00:23]} Qe7 {[%emt 0:06:43]} 22. Rff2 {[%emt 0:00:41]} e5 {[%emt 0:13:28]} 23. f5 {[%emt 0:04:19]} Rd3 {[%emt 0:05:09]} 24. Rxd3 {[%emt 0:02:56]} exd3 {[%emt 0:00:06]} 25. Qxd3 {[%emt 0:00:13]} Rd8 {[%emt 0:00:22]} 26. Bxf6 {[%emt 0:06:16]} gxf6 {[%emt 0:02:31]} 27. Qe4 {[%emt 0:02:07]} Qd7 {[%emt 0:05:20]} 28. h3 {[%emt 0:00:19]} Qg7 {[%emt 0:06:06]} 29. Kh2 {[%emt 0:00:33]} Kh8 {[%emt 0:05:53]} 30. g4 {[%emt 0:01:05]} Qg5 {[%emt 0:03:59]} 31. Rg2 {[%emt 0:05:55]} h6 {[%emt 0:01:48]} 32. Kg3 {[%emt 0:06:00]} h5 {[%emt 0:02:44]} 33. h4 {[%emt 0:00:16]} Qxg4+ {[%emt 0:00:12]} 34. Qxg4 {[%emt 0:00:06]} hxg4 {[%emt 0:00:01]} 35. Kxg4 {[%emt 0:00:30]} Kg7 {[%emt 0:01:09]} 36. Kf3+ {[%emt 0:01:39]} Kf7 {[%emt 0:02:18]} 37. h5 {[%emt 0:04:08]} Rh8 {[%emt 0:00:34]} 38. Rh2 {[%emt 0:00:47]} Kg7 {[%emt 0:01:14]} 39. Ke4 {[%emt 0:03:48]} Rh7 {[%emt 0:00:21]} 40. Kd5 {[%emt 0:00:00]} Kf7 {[%emt 0:00:00]} 41. h6 {[%emt 0:02:45]} Ke7 {[%emt 0:04:22]} 42. Ke4 1-0

[Event "XXVII RUS-chT Women 2020"]
[Site "Sochi"]
[Date "2020.11.22"]
[Round "4.23"]
[White "Idrisova, Roza"]
[Black "Dorokhina, Elizaveta"]
[Result "1-0"]
[WhiteElo "1960"]
[BlackElo "1824"]
[Annotator "NA"]
[PlyCount "89"]
[EventDate "2020.11.19"]
[EventType "team-tourn"]
[EventCountry "RUS"]
[SourceTitle "playchess.com"]
[Source "ChessBase"]
[SourceQuality "1"]
[TimeControl "40/5400+30:1800+30"]

1. Nf3 {[%emt 0:00:00]} f5 {[%emt 0:03:19]} 2. g3 {[%emt 0:00:44]} g6 {[%emt 0:01:46]} 3. Bg2 {[%emt 0:00:47]} Bg7 {[%emt 0:00:23]} 4. d4 {[%emt 0:00:43]} Nf6 {[%emt 0:02:07]} 5. O-O {[%emt 0:03:06]} O-O {[%emt 0:05:11]} 6. b3 {[%emt 0:03:08]} Ne4 {[%emt 0:06:04]} 7. Bb2 {[%emt 0:01:44]} c5 {[%emt 0:07:05]} 8. Nbd2 {[%emt 0:05:13]} Nc6 {[%emt 0:04:33]} 9. e3 $11 {[%emt 0:05:22]} d5 {[%emt 0:04:42]} 10. Ne5 {[%emt 0:07:34]} Nxe5 {[%emt 0:05:28]} 11. dxe5 {[%emt 0:00:21]} Qc7 {[%emt 0:00:17]} 12. f4 {[%emt 0:01:53]} Nxd2 {[%emt 0:04:41]} 13. Qxd2 {[%emt 0:00:30]} e6 {[%emt 0:00:15]} 14. Rfd1 {[%emt 0:04:32]} c4 {[%emt 0:16:52]} 15. Ba3 {[%emt 0:03:30]} Rd8 {[%emt 0:02:31]} 16. Bd6 {[%emt 0:04:17]} Qc6 {[%emt 0:04:24]} 17. a4 {[%emt 0:02:02]} Rxd6 {[%emt 0:10:46]} 18. exd6 {[%emt 0:00:18]} Bd7 {[%emt 0:00:54]} 19. Rab1 {[%emt 0:05:15]} c3 {[%emt 0:01:27]} 20. Qe2 {[%emt 0:07:04]} Qxd6 {[%emt 0:04:06]} 21. g4 {[%emt 0:04:02]} fxg4 {[%emt 0:01:41]} 22. Qxg4 {[%emt 0:01:43]} Rf8 {[%emt 0:00:23]} 23. Rd3 {[%emt 0:05:01]} b5 {[%emt 0:02:34]} 24. axb5 {[%emt 0:03:32]} Bxb5 {[%emt 0:00:02]} 25. Rdd1 {[%emt 0:03:31]} Qb6 {[%emt 0:01:18]} 26. Re1 {[%emt 0:07:59]} Rf5 {[%emt 0:02:27]} 27. Kh1 {[%emt 0:01:20]} Bh6 {[%emt 0:01:32]} 28. Qh4 {[%emt 0:03:11]} Bf8 {[%emt 0:00:20]} 29. Rbd1 {[%emt 0:01:09]} Bc5 {[%emt 0:01:09]} 30. Qg3 {[%emt 0:05:30]} Rf8 {[%emt 0:00:44]} 31. Bh3 {[%emt 0:04:17]} Kh8 {[%emt 0:00:35]} 32. Bg2 {[%emt 0:00:33]} a6 {[%emt 0:00:44]} 33. Qg5 {[%emt 0:00:48]} Rf5 {[%emt 0:00:32]} 34. Qg3 {[%emt 0:00:12]} Rf8 {[%emt 0:00:02]} 35. Bh3 {[%emt 0:00:29]} d4 {[%emt 0:02:04]} 36. exd4 {[%emt 0:02:22]} Bxd4 {[%emt 0:00:17]} 37. Bg2 {[%emt 0:00:43]} Kg8 {[%emt 0:00:50]} 38. Qf3 {[%emt 0:00:56]} Bf2 {[%emt 0:00:50]} 39. Re5 {[%emt 0:00:26]} Bd4 {[%emt 0:00:13]} 40. Re4 {[%emt 0:00:00]} e5 {[%emt 0:00:00]} 41. Qg4 {[%emt 0:02:52]} Bc6 {[%emt 0:06:27]} 42. Qe6+ {[%emt 0:02:19]} Rf7 {[%emt 0:00:21]} 43. Rxe5 {[%emt 0:10:35]} Bxe5 {[%emt 0:07:01]} 44. Bxc6 {[%emt 0:01:11]} Bxf4 {[%emt 0:09:35]} 45. Rd7 {[%emt 0:02:03]} 1-0

[Event "XXVII RUS-chT Women 2020"]
[Site "Sochi"]
[Date "2020.11.22"]
[Round "4.24"]
[White "Tinina, Kristina"]
[Black "Absalyamova, Karina"]
[Result "1-0"]
[WhiteElo "1678"]
[BlackElo "1884"]
[Annotator "NA"]
[PlyCount "115"]
[EventDate "2020.11.19"]
[EventType "team-tourn"]
[EventCountry "RUS"]
[SourceTitle "playchess.com"]
[Source "ChessBase"]
[SourceQuality "1"]
[TimeControl "40/5400+30:1800+30"]

1. e4 {[%emt 0:00:00]} e6 {[%emt 0:00:00]} 2. d4 {[%emt 0:00:00]} d5 {[%emt 0:00:00]} 3. Nc3 {[%emt 0:00:21]} dxe4 {[%emt 0:00:00]} 4. Nxe4 {[%emt 0:00:24]} Bd7 {[%emt 0:00:05]} 5. Nf3 {[%emt 0:09:12]} Bc6 {[%emt 0:00:30]} 6. Bd3 {[%emt 0:00:28]} Nd7 {[%emt 0:00:08]} 7. c3 {[%emt 0:06:58]} Ngf6 {[%emt 0:00:42]} 8. Nxf6+ {[%emt 0:07:30]} Nxf6 {[%emt 0:00:58]} 9. Qe2 {[%emt 0:01:25]} Bxf3 {[%emt 0:15:14]} 10. Qxf3 {[%emt 0:01:23]} Qd5 {[%emt 0:01:41]} 11. Qxd5 {[%emt 0:18:36]} Nxd5 {[%emt 0:00:15]} 12. O-O {[%emt 0:05:28]} O-O-O {[%emt 0:00:35]} 13. Be4 {[%emt 0:06:27]} Be7 {[%emt 0:02:06]} 14. Be3 {[%emt 0:11:34]} f5 {[%emt 0:09:43]} 15. Bf3 {[%emt 0:02:24]} g5 {[%emt 0:00:23]} 16. Rae1 {[%emt 0:05:24]} g4 {[%emt 0:07:03]} 17. Bxd5 {[%emt 0:01:37]} Rxd5 {[%emt 0:09:12]} 18. Bf4 {[%emt 0:02:30]} Kd7 {[%emt 0:01:05]} 19. c4 {[%emt 0:03:41]} Ra5 {[%emt 0:00:05]} 20. a3 {[%emt 0:00:10]} Bf6 {[%emt 0:06:25]} 21. Rd1 {[%emt 0:02:14]} Rg8 {[%emt 0:11:33]} 22. Rfe1 {[%emt 0:01:22]} Bg5 {[%emt 0:01:03]} 23. Be5 {[%emt 0:00:43]} Rg6 {[%emt 0:01:48]} 24. Rd3 {[%emt 0:00:40]} Bf6 {[%emt 0:07:51]} 25. Bf4 {[%emt 0:01:54]} Bg5 {[%emt 0:00:46]} 26. Be5 {[%emt 0:00:04]} Bf6 {[%emt 0:00:09]} 27. Bf4 {[%emt 0:05:54]} Bg5 {[%emt 0:01:50]} 28. b4 {[%emt 0:00:58]} Ra6 {[%emt 0:00:24]} 29. b5 {[%emt 0:00:03]} Ra4 {[%emt 0:00:04]} 30. Bxg5 {[%emt 0:00:13]} Rxg5 {[%emt 0:00:20]} 31. d5 {[%emt 0:00:32]} e5 {[%emt 0:00:55]} 32. c5 {[%emt 0:01:30]} Rc4 {[%emt 0:02:03]} 33. c6+ {[%emt 0:00:14]} Kd6 {[%emt 0:04:05]} 34. g3 {[%emt 0:03:38]} b6 {[%emt 0:01:30]} 35. Kg2 {[%emt 0:00:25]} e4 {[%emt 0:01:36]} 36. Rd2 {[%emt 0:00:04]} Rg7 {[%emt 0:00:30]} 37. h3 {[%emt 0:01:10]} Rc3 {[%emt 0:04:59]} 38. hxg4 {[%emt 0:00:14]} Rxg4 {[%emt 0:01:28]} 39. Rh1 {[%emt 0:00:16]} Rg7 {[%emt 0:04:15]} 40. Rh6+ {[%emt 0:00:00]} Kc5 {[%emt 0:00:00]} 41. Rh5 {[%emt 0:11:47]} Rd3 {[%emt 0:11:55]} 42. Rc2+ {[%emt 0:03:17]} Kxd5 {[%emt 0:01:22]} 43. Rxf5+ {[%emt 0:00:09]} Ke6 {[%emt 0:03:59]} 44. Rf4 {[%emt 0:00:59]} Rxa3 {[%emt 0:00:12]} 45. Rxe4+ {[%emt 0:01:01]} Kd5 {[%emt 0:00:36]} 46. Re8 {[%emt 0:02:04]} Rb3 {[%emt 0:01:59]} 47. Rd2+ {[%emt 0:02:13]} Kc4 {[%emt 0:01:14]} 48. Rd7 {[%emt 0:00:32]} Rg6 {[%emt 0:01:42]} 49. Rxc7 {[%emt 0:01:35]} Kxb5 {[%emt 0:00:20]} 50. Re5+ Ka6 {[%emt 0:01:27]} 51. Ree7 {[%emt 0:01:09]} b5 {[%emt 0:02:11]} 52. Rxa7+ {[%emt 0:01:36]} Kb6 {[%emt 0:00:04]} 53. c7 {[%emt 0:01:32]} Rc3 {[%emt 0:00:59]} 54. Rxh7 {[%emt 0:02:07]} b4 {[%emt 0:00:54]} 55. Ra8 {[%emt 0:02:33]} Rgc6 {[%emt 0:04:41]} 56. Rb8+ {[%emt 0:00:32]} Ka5 {[%emt 0:02:19]} 57. c8=Q {[%emt 0:00:43]} Rxc8 {[%emt 0:00:06]} 58. Ra7# {[%emt 0:00:07]} 1-0

[Event "XXVII RUS-chT Women 2020"]
[Site "Sochi"]
[Date "2020.11.23"]
[Round "5.1"]
[White "Shuvalova, Polina"]
[Black "Bodnaruk, Anastasia"]
[Result "1-0"]
[WhiteElo "2454"]
[BlackElo "2414"]
[Annotator "TA"]
[PlyCount "83"]
[EventDate "2020.11.19"]
[EventType "team-tourn"]
[EventCountry "RUS"]
[SourceTitle "playchess.com"]
[Source "ChessBase"]
[SourceQuality "1"]

{[%evp 17,83,32,40,38,42,32,25,27,42,30,41,37,41,44,35,30,39,36,58,37,101,104,181,158,175,125,143,106,130,138,160,168,185,175,199,221,225,213,522,530,598,587,954,945,945,917,1216,762,1368,1322,1764,1682,1762,1750,1721,1715,1552,1516,29989,29990,29990,29991,29991,29989,29989,29990,29989,29986]} 1. d4 Nf6 2. c4 g6 3. Nc3 Bg7 4. e4 d6 5. Nf3 O-O 6. Be2 e5 7. O-O Nc6 8. d5 Ne7 9. Bg5 Nh5 10. Re1 {E97: King's Indian: Classical Main Line (6...e5 7 0-0 Nc6): 8 Be3 and 8 d5 Ne7, not 9 Ne1.} h6 11. Bd2 Nf4 12. Bf1 {White has an edge.} g5 13. g3 Nfg6 14. h3 f5 15. c5 a6 {[#]} 16. cxd6 $146 ({Predecessor:} 16. a4 Qe8 17. cxd6 cxd6 18. Ra3 Bd7 19. exf5 Bxf5 20. g4 Bd7 21. Ne4 Nxd5 22. Nxd6 {½-½ (56) Li (1800)-Stephen (1996) FICGS email 2010}) 16... cxd6 17. a4 b6 18. Bg2 fxe4 ({Black should play} 18... f4 $14) 19. Nxe4 $16 g4 (19... Bf5 $16 {keeps fighting.}) 20. hxg4 $18 Bxg4 21. Qb3 Nf5 22. Rac1 Nge7 23. Nh2 Nd4 {[#]} 24. Qa3 $1 Bh5 25. Nxd6 Ne2+ 26. Rxe2 $1 Bxe2 27. Nb7 Qd7 $2 (27... Qe8 {is tougher.} 28. Bb4 Qf7) 28. d6 Ng6 29. Qe3 Bg4 30. Bd5+ Kh8 31. Rc7 Qf5 32. f3 Bh3 {[#]} 33. Rxg7 $1 {[%cal Re3h6][%mdl 512]} Qb1+ {[#]} (33... Kxg7 34. Qxh6+) 34. Kf2 $1 {[%cal Re3h6]} Rxf3+ 35. Bxf3 {[%cal Re3h6]} Kxg7 36. Qxh6+ {[%mdl 64] Double Attack} Kf6 37. Qxh3 {White threatens Qd7 and mate.} Rh8 38. Ng4+ {White mates.} Ke6 39. Nh6+ Kf6 40. Qd7 {[%cal Rh6g4]} Rxh6 41. Bxh6 Qxb2+ 42. Be2 {Weighted Error Value: White=0.09/Black=0.49} 1-0

[Event "XXVII RUS-chT Women 2020"]
[Site "Sochi"]
[Date "2020.11.23"]
[Round "5.2"]
[White "Ovod, Evgenija"]
[Black "Kovalevskaya, Ekaterina"]
[Result "1/2-1/2"]
[WhiteElo "2338"]
[BlackElo "2386"]
[Annotator "TA"]
[PlyCount "86"]
[EventDate "2020.11.19"]
[EventType "team-tourn"]
[EventCountry "RUS"]
[SourceTitle "playchess.com"]
[Source "ChessBase"]
[SourceQuality "1"]

{[%evp 17,86,34,41,39,32,11,36,39,35,42,66,52,61,66,74,41,44,40,41,45,52,39,33,25,31,35,34,33,35,34,23,24,26,32,45,16,17,18,15,20,29,31,25,32,33,12,19,0,0,0,0,0,3,0,0,0,0,0,0,0,18,20,22,22,26,0,0,0,0,0,0]} 1. e4 c5 2. Nf3 Nc6 3. d4 cxd4 4. Nxd4 e5 5. Nb5 d6 6. c4 Be7 7. N1c3 a6 8. Na3 Nf6 9. Nc2 O-O 10. Be2 {B32: Sicilian: Löwenthal and Kalashnikov Variations.} Be6 11. O-O Rc8 12. Be3 {White is slightly better.} h6 13. f3 {[#]} Ne8 $146 ({Predecessor:} 13... Nh5 14. Nd5 Bg5 15. Bb6 Qd7 16. Bf2 Bxd5 17. cxd5 Ne7 18. g3 g6 19. Ne3 Bxe3 20. Bxe3 {1-0 (49) Barua,D (2515)-Rahman,Z (2445) Madras 1995}) 14. Nd5 f5 15. exf5 Bxf5 16. Bb6 Qd7 $1 17. Nce3 Be6 $1 18. f4 Nf6 19. Nxf6+ Bxf6 20. f5 Bf7 21. Nd5 Bxd5 22. Qxd5+ Kh8 23. Rad1 Nd4 24. Bd3 Qc6 25. Qxc6 bxc6 26. Bxd4 exd4 27. c5 a5 28. cxd6 Rfd8 29. Rc1 c5 30. Rc4 Rxd6 31. Rfc1 Rd5 32. Kf2 Re5 33. Re1 Rce8 34. Rxe5 Rxe5 $11 {[%mdl 4096] Endgame KRB-KRB} 35. Ra4 Bd8 36. Ra3 Kg8 37. Rb3 Kf8 38. Rb7 c4 39. Bxc4 Rxf5+ 40. Ke2 Bf6 41. Rb5 Rxb5 {The position is equal.} 42. Bxb5 d3+ {[%mdl 64] [#] Discovered Attack} 43. Kxd3 Bxb2 {Weighted Error Value: White=0.04/Black=0.02} 1/2-1/2